Экономическая история: указатель советской литературы за 1960 - 1969 гг.; в 5 т.

Dettagli Bibliografici
Ente Autore: Академия наук СССР (АН СССР) Всесоюзный институт научной и технической информации (ВИНИТИ)
Altri autori: Марковская Г. М. (составитель), Пеклер М. Н. (редактор), Раскина С. М., Хаскелис М. Л., Шрейбер Е. Я.
Lingua:russo
Pubblicazione: Москва, [Б. и.], 1970-
Natura: Libro
KOHA link:https://koha.lib.tpu.ru/cgi-bin/koha/opac-detail.pl?biblionumber=96104

MARC

LEADER 00000nam1a2200000 4500
001 96104
005 20240830132148.0
035 |a (RuTPU)RU\TPU\book\102878 
090 |a 96104 
100 |a 20060510d1970 km y0rusy50 ca 
101 0 |a rus 
102 |a RU 
200 1 |a Экономическая история  |e указатель советской литературы за 1960 - 1969 гг.  |e в 5 т.  |f Академия наук СССР, Институт научной информации и Фундаментальной библиотеки по общественным наукам; сост. Г. М. Марковская, М. Н. Пеклер, С. М. Раскина, М. Л. Хаскелис, Е. Я. Шрейбер; под ред. Г. М. Марковской 
210 |a Москва  |c [Б. и.]  |d 1970- 
702 1 |a Марковская  |b Г. М.  |4 220 
702 1 |a Пеклер   |b М. Н.  |4 220 
702 1 |a Раскина  |b С. М.  |4 220 
702 1 |a Хаскелис  |b М. Л.  |4 220 
702 1 |a Шрейбер  |b Е. Я.  |4 340 
702 1 |a Марковская  |b Г. М.  |4 340 
712 0 2 |a Академия наук СССР (АН СССР)  |b Всесоюзный институт научной и технической информации (ВИНИТИ)  |c (Москва)  |c (1955-1991)  |3 (RuTPU)RU\TPU\col\8361 
801 1 |a RU  |b 63413507  |c 20060510  |g PSBO 
801 2 |a RU  |b 63413507  |c 20091027  |g RCR 
942 |c BK